00713 2200181 4500001002100000005001500021035002000036245006200056100003300118250002000151300005100171856002200222700019700244260005700441082000800498084001400506650001100520INLIS00000000114853920260603015304 a0010-06260000721 aBEST PRACTICE /cPenulis: Nur Fitri Balasong & Rosniar, c0 aNur Fitri Balasong & Rosniar aCetakan Pertama a100 halaman :bIlustrasi ;c14 x 20 cmeKertas aPerpustakaan Umum0 aPenanggung Jawab: Abdul Thalib Mustafa, Editor: Irfan Ashar Pratama, Tim Survey: Abdul Talib Mustafa, A., dkk, Penerjemah: A. Muhammad Yani, Layouter: Idwar Anwar, Distribusi: Hasanuddin Karim aMakassar :bAsosiasi Pemerintah Kota Makassar,c2026 a360 a360 NUR b 4aSOSIAL